00298pab a2200121 454500008004000000100001500040245003900055260000900094300001200103362001200115650001000127773003900137180718b1998 xxu||||| |||| 00| 0 eng d aGarg, I.K. aBasic inputs for globalising banks c1998 ap.57-59 aJan-Jun aBanks aPolitical Economy Journal of India